Fonologický systém spisovnej slovenčiny a poľštiny z typologického hľadiska

Bibliographic Details
Main Author: Dudášová-Kriššáková, Júlia, 1945- (Author)
Format: Article
Language:Slovak
Subjects:

MARC

LEADER 00000nab a2200000 a 4500
001 vtls000701280
003 SK-MaSNL
005 20260304105214.0
008 250429c1999 xo 0 slo
015 |a SNBRB1999/09-20857 
035 |a CLN000053447 
035 |a urn:nbn:sk:snk-ab2i2j 
035 |a (urnnbn)urn:nbn:sk:snk:ar-a02g7l 
035 |a (uuid)803cbe22-66f9-471f-93db-f065d36de8af 
040 |a SNKBUCL  |b slo  |c SNKBUCL  |e AACR2 
041 0 |a slo 
044 |a xo  |c SK 
080 |a 801.4:808.54+808.4  |2 1981 
080 |a 808.54-4  |2 1981 
080 |a 808.4-4  |2 1981 
100 1 |a Dudášová-Kriššáková, Júlia,  |d 1945-  |4 aut  |9 215237 
245 1 0 |a Fonologický systém spisovnej slovenčiny a poľštiny z typologického hľadiska  |c Júlia Dudášová-Kriššáková 
504 |a Bibliogr. odkazy 
546 |a Res. rus. 
650 0 7 |a slovenčina  |2 snkbucl  |9 1350 
650 0 7 |a poľština  |2 snkbucl  |9 1349 
650 0 7 |a fonológia  |2 snkbucl  |9 864 
650 0 7 |a fonologický systém  |2 snkbucl  |9 51566 
773 0 |t Slavica slovaca  |g Roč. 34, č. 1 (1999), s. 16-24 
850 |a Slovenská národná knižnica 
852 |a Slovenská národná knižnica 
954 |a odborná, vedecká literatúra pôvodná (slovenská)  |2 lita 
958 |a article27 
958 |a PL 
958 |a NB 
958 |a OND 
958 |a EUIPO 
999 |c 2854739  |d 2856669